000 00658nam a2200205Ia 4500
003 GCL
008 140319s9999 xx 000 0 ara d
040 _aGCL /
_cGCL
082 0 4 _a001.63
_bم ت
100 1 _aمحمد بنهان سويلم
245 1 0 _aتحليل وتصميم نظم المعلومات /
_cمحمد بنهان سويلم
300 _a522 ص
490 _aالهيئة العامة للاستعلامات
_v0
650 0 4 _aالحاسبات الالكترونية
650 0 4 _aنظم المعلومات
650 0 4 _aنظم التشغيل
650 0 4 _aالمعلومات
650 0 4 _aالمعلومات نظم
942 _2ddc
_cBK
999 _c48185
_d48185